000 00624nam a2200229 i 4500
001 C2-0074664
003 PPAK
005 20180727081159.0
008 970429s1986 my |||| ||||| | may d
040 _aPPAK
_beng
_cPPAK
_erda
082 0 4 _a499.23
_223
090 0 0 _a499.23
_bBAH
_dKIH
245 0 0 _aBahasa Melayu tinggi
250 _aNik Safiah Karim, Dr.
264 1 _aKuala Lumpur :
_bPerssatuan Linguistik Malaysia ,
_c1986
300 _aviii, 216 pages ;
_c21 cm
336 _2rdacontent
_atext
337 _2rdamedia
_aunmediated
338 _2rdacarrier
_avolume
650 1 0 _aMalay - Language
942 _ddc
_cB
999 _c10759
_d10759